LEADER 01239nam0 22003133i 450 001 RMS1741358 005 20231121125809.0 010 $a3110110415 100 $a20161109d1990 ||||0itac50 ba 101 | $ager 102 $ade 181 1$6z01$ai $bxxxe 182 1$6z01$an 200 1 $aSprache und Evolution$eGrundlagen der Evolution und Ansatze einer evolutionstheoretischen Sprachwissenshaft$fHorst M. Muller 210 $aBerlin$aNew York$cW. de Gruyter$d1990 215 $aX, 317 p., [2] c. di tav. ripieg.$cill.$d21 cm. 225 | $aGrundlagen der Kommunikation und Kognition 410 0$1001BVE0028920$12001 $aGrundlagen der Kommunikation und Kognition 606 $aLinguaggio$xEvoluzione$2FIR$3RMLC197252$9I 676 $a401.2$9$v21 700 1$aMuller$b, Horst M.$3PUVV340991$4070$01447031 801 3$aIT$bIT-01$c20161109 850 $aIT-FR0017 899 $aBiblioteca umanistica Giorgio Aprea$bFR0017 912 $aRMS1741358 950 0$aBiblioteca umanistica Giorgio Aprea$d 52CIS 11/52$e 52VM 0000671165 VM barcode:00043841. - Inventario:788 FCVM$fA $h20070305$i20121204 977 $a 52 996 $aSprache und Evolution$93635123 997 $aUNICAS LEADER 01028nam0 22002531i 450 001 RML0233593 005 20231121125659.0 100 $a20121121d1994 ||||0itac50 ba 101 | $aita 102 $ait 181 1$6z01$ai $bxxxe 182 1$6z01$an 200 1 $aCOSTITUZIONE della repubblica italiana$ee leggi sulla Corte Costituzionale. Testo arricchito con le pronunce della Corte Costituzionale$fa cura di Alfio e Mario Finocchiaro 210 $aRimini $cMaggioli $d1994 215 $a128 p.$d17 cm. 700 1$aFINOCCHIARO$b, Alfio$3RMLV148505$028898 801 3$aIT$bIT-01$c20121121 850 $aIT-FR0098 899 $aBiblioteca Area Giuridico Economica$bFR0098 912 $aRML0233593 950 0$aBiblioteca Area Giuridico Economica$d 53IMP 342/196$e 53VM 0000018575 VM barcode:ECO005988. - Inventario:2430. - Fondo:Sala consultazioneVM$fA $h19950606$i20121204 977 $a 53 996 $aCOSTITUZIONE della repubblica italiana$93618318 997 $aUNICAS